साक्षात्कारः (Record no. 33268)

MARC details
000 -LEADER
fixed length control field 01640nam a22002897a 4500
005 - DATE AND TIME OF LATEST TRANSACTION
control field 20091219110145.0
008 - FIXED-LENGTH DATA ELEMENTS--GENERAL INFORMATION
fixed length control field 091209t xxu||||| |||| 00| 0 hin d
010 ## - LCCN (DPL NO)
LC control number HIN-88837
020 ## - INTERNATIONAL STANDARD BOOK NUMBER
Terms of availability 70.00
International Standard Book Number 9788183482769
035 ## - SYSTEM CONTROL NUMBER
System control number HN-61183
037 ## - SOURCE OF ACQUISITION
Source of stock number/acquisition DBAD / सुरेन्द्र कुमार एण्ड संस
040 ## - CATALOGING SOURCE
Original cataloging agency DPL
Language of cataloging HN
082 ## - DEWEY DECIMAL CLASSIFICATION NUMBER
Classification number 650.144
100 ## - MAIN ENTRY--PERSONAL NAME
Personal name अथैया, मधुर
245 ## - TITLE STATEMENT
Title साक्षात्कारः
Statement of responsibility, etc मधुर अथैया
Remainder of title व्यक्तित्व की विशिष्टा का मूल्यांकन /
246 ## - VARYING FORM OF TITLE
Title proper/short title Sakshatkar:
Remainder of title by Madhur Athaiya
260 ## - PUBLICATION, DISTRIBUTION, ETC. (IMPRINT)
Place of publication, distribution, etc दिल्ली
Name of publisher, distributor, etc सुरेन्द्रकुमार एण्ड सन्ज़
Date of publication, distribution, etc 2008
260 ## - PUBLICATION, DISTRIBUTION, ETC. (IMPRINT)
Place of publication, distribution, etc मेरठ
Name of publisher, distributor, etc अरिहन्त पब्लिकेशन्स
Date of publication, distribution, etc 2008
270 ## - ADDRESS
Address 30/21-22ए, गली नं.9,विश्वास नगर, शाहदरा
City दिल्ली
Postal code 110032
270 ## - ADDRESS
Address कालिन्दी, ट्रांसप्रोट नगर
City मेरठ
Telephone number 0121 2401479, 2512970, 2402029
Fax number 0121 2401648
Electronic mail address info@arihantbooks.com
300 ## - PHYSICAL DESCRIPTION
Extent 220पृ
Dimensions 22सेमी (अजिल्द)
650 ## - SUBJECT ADDED ENTRY--TOPICAL TERM
Topical term or geographic name as entry element रोजगार साक्षात्कार
650 ## - SUBJECT ADDED ENTRY--TOPICAL TERM
Topical term or geographic name as entry element Employment interviewing
700 ## - ADDED ENTRY--PERSONAL NAME
Personal name गौरी शंकर रैणा
942 ## - ADDED ENTRY ELEMENTS (KOHA)
Source of classification or shelving scheme Dewey Decimal Classification
Item type Hindi Books
Classification part 650.144
Call number suffix अथैया
Holdings
Withdrawn status Lost status Source of classification or shelving scheme Damaged status Not for loan Collection code Home library Current library Date acquired Source of acquisition Cost, normal purchase price Total Checkouts Full call number Barcode Date last seen Copy number Cost, replacement price Koha item type
    Dewey Decimal Classification   Not For Loan Non-fiction D.B.Act.Division D.B.Act.Division 19/12/2009 DBAD / PUB 70.00   650.144 अथैया HN-61183 19/12/2009 1 70.00 Hindi Books

© Delhi Public Library
Hit Counter
free hit counter